| 000 | 00769nam a22002537a 4500 | ||
|---|---|---|---|
| 005 | 20170124110125.0 | ||
| 010 | _aB-127725 | ||
| 020 |
_c200.00 _a8188548162 |
||
| 035 | _aB-127725 | ||
| 037 | _bCen Lib/Ret | ||
| 040 |
_aDPL _bEN |
||
| 082 |
_aS _bSNO |
||
| 245 |
_aSnow white and other stories / _cedited by Reema Prashar ; illustrated by Shankar Nayak |
||
| 250 | _a1st ed | ||
| 260 |
_aDelhi _bSilver Bell _c2006 |
||
| 270 |
_aM-72, Punchsheel Garden Navin Shahdra _bDelhi _e110032 |
||
| 300 |
_a221p. : _c21cm(Hb) _bill. |
||
| 490 | _aSilver Bell Children Classics | ||
| 650 |
_aEnglish -- Fiction _931343 |
||
| 650 |
_aShort stories -- Fiction _927025 |
||
| 700 |
_aPrashar, Reema _930438 |
||
| 700 |
_aNayak, Shankar _931344 |
||
| 942 |
_2ddc _cEN _hS _mSNO |
||
| 999 |
_c131276 _d131276 |
||